[Event "Montigny le Bretonneux op 19th"]
[Site "Montigny le Bretonneux"]
[Date "2021.10.29"]
[Round "7"]
[White "Fellag Ariouet, Ismael"]
[Black "Sbai, Nael"]
[Result "0-1"]
[WhiteElo "1099"]
[BlackElo "1099"]
[PlyCount "44"]
[EventDate "2021.10.23"]
[EventType "swiss"]
[EventRounds "7"]
[EventCountry "FRA"]
[SourceTitle "CBM 204 Extra"]
[Source "ChessBase"]
[SourceDate "2021.11.30"]
[SourceVersion "1"]
[SourceVersionDate "2021.11.30"]
[SourceQuality "1"]

1. d4 Nf6 2. Nf3 e6 3. Bf4 d5 4. Qd2 Bd6 5. e3 Nh5 6. Be5 Nc6 7. Bb5 Bd7 8. 0-0 f6 9. Bxd6 cxd6 10. Re1 e5 11. e4 Be6 12. dxe5 dxe5 13. exd5 Bxd5 14. Nc3 Bxf3 15. gxf3 Qxd2 16. f4 Qxf4 17. Ne2 Qb4 18. c4 Qxb2 19. Reb1 Qxe2 20. Re1 Qg4+ 21. Kf1 Nf4 22. c5 Qg2# 0-1

[Event "Montigny le Bretonneux op 19th"]
[Site "Montigny le Bretonneux"]
[Date "2021.10.24"]
[Round "2"]
[White "Sbai, Nael"]
[Black "Delmont, Jean Robert"]
[Result "0-1"]
[WhiteElo "1099"]
[BlackElo "1753"]
[PlyCount "110"]
[EventDate "2021.10.23"]
[EventType "swiss"]
[EventRounds "7"]
[EventCountry "FRA"]
[SourceTitle "CBM 204 Extra"]
[Source "ChessBase"]
[SourceDate "2021.11.30"]
[SourceVersion "1"]
[SourceVersionDate "2021.11.30"]
[SourceQuality "1"]

1. d4 Nf6 2. Bf4 c5 3. e3 g6 4. dxc5 Qa5+ 5. Qd2 Qxc5 6. Qd4 Qxd4 7. exd4 Nc6 8. Nf3 Bg7 9. g3 b6 10. Nbd2 Nb4 11. Rc1 Nxa2 12. Rd1 Nb4 13. Rc1 d6 14. c3 Nbd5 15. Bg5 h6 16. c4 hxg5 17. cxd5 Nxd5 18. Nxg5 Bxd4 19. Bb5+ Bd7 20. Ba6 Rb8 21. Bc4 Bc6 22. Bb3 Bb7 23. 0-0 0-0 24. Rc4 Bxb2 25. Rh4 Nf6 26. Re1 Be5 27. Re3 Rbc8 28. Ndf3 Rc1+ 29. Kg2 Rc3 30. Bd1 Rxe3 31. fxe3 Kg7 32. Bb3 Bd5 33. Bxd5 Nxd5 34. Rh7+ Kg8 35. e4 Nf6 36. Rh6 Kg7 37. Rh4 a5 38. Nd2 Rc8 39. Kh3 a4 40. Ngf3 a3 41. Nb3 Rc3 42. Nfd2 a2 43. Na1 Rc1 44. Ndb3 Rxa1 45. Nxa1 Bxa1 46. Rf4 Be5 47. Rf1 a1Q 48. Rxa1 Bxa1 49. Kg2 Nxe4 50. h4 Bd4 51. Kf3 d5 52. h5 b5 53. hxg6 b4 54. gxf7 b3 55. Kg2 b2 0-1